000 01211nam a2200313 i 4500
003 EG-GICUC
005 20260121101732.0
008 260117s1996 ua ||||fr|||| 00| 0 ara d
017 _a1996/8163
040 _a EG-GICUC
_c EG-GICUC
_d EG-GICUC
_erda
_bara
041 0 _aara
082 0 4 _221
_a345.642
_bم ح . س
092 0 4 _221
099 _aLaw1 07 345.642 1996 م ح . س
100 0 _aمحمد جمال عثمان جبريل
_eمؤلف.
245 1 2 _aالسكوت في القانون الإداري في التصرفات الإدارية الفردية /
_cدكتور محمد جمال عثمان جبريل.
264 1 _a[مكان النشر غير محدد] :
_b[الناشر غير محدد]،
_c1996.
300 _a174 ؛ صفحة
_c24 سم.
336 _2rda content
_atext
337 _2rda media
_aComputer
338 _2rda carrier
_aOnline Resource
504 _aببليوجرافيا : صفحة 165- 169.
546 _aالنص باللغة العربية
650 1 4 _2ركن الحل في القرار الإداري
650 1 4 _aالقانون الإداري
856 4 0 _uhttps://fll.law.cu.edu.eg/fulltext/bks/B07-02411.pdf
905 _a77
942 _2ddc
_cBK
_e21
_n0
999 _c57357
_d57357